Rathri panthrandinu sesham(രാത്രി 12നു ശേഷം) (Record no. 115351)
[ view plain ]
| 000 -LEADER | |
|---|---|
| fixed length control field | 00473 a2200169 4500 |
| 005 - DATE AND TIME OF LATEST TRANSACTION | |
| control field | 20260319152658.0 |
| 008 - FIXED-LENGTH DATA ELEMENTS--GENERAL INFORMATION | |
| fixed length control field | 260317b |||||||| |||| 00| 0 eng d |
| 020 ## - INTERNATIONAL STANDARD BOOK NUMBER | |
| International Standard Book Number | 9789364876100 |
| 080 ## - UNIVERSAL DECIMAL CLASSIFICATION NUMBER | |
| Universal Decimal Classification number | FM |
| Item number | AKH/RA |
| 100 ## - MAIN ENTRY--PERSONAL NAME | |
| Personal name | Akhil P. Dharmajan |
| 245 ## - TITLE STATEMENT | |
| Title | Rathri panthrandinu sesham(രാത്രി 12നു ശേഷം) |
| 260 ## - PUBLICATION, DISTRIBUTION, ETC. (IMPRINT) | |
| Name of publisher, distributor, etc | D C books. |
| Place of publication, distribution, etc | Kottayam. |
| Date of publication, distribution, etc | 2026. |
| 300 ## - PHYSICAL DESCRIPTION | |
| Extent | 304p. |
| 653 ## - INDEX TERM--UNCONTROLLED | |
| Uncontrolled term | Fiction-Novel-Malayalam literature |
| 942 ## - ADDED ENTRY ELEMENTS (KOHA) | |
| item type | Books |
| 003 - CONTROL NUMBER IDENTIFIER | |
| control field | ulcusat |
| Lost status | Source of classification or shelving scheme | Not for loan | Home library | Current library | Date acquired | Cost, normal purchase price | Total Checkouts | Full call number | Barcode | Checked out | Date last seen | Date checked out | Cost, replacement price | Price effective from | Koha item type |
|---|---|---|---|---|---|---|---|---|---|---|---|---|---|---|---|
| Universal Decimal Classification | University Library | University Library | 03/03/2026 | 253.35 | 2 | FM AKH/RA | 00097433 | 17/05/2026 | 17/04/2026 | 17/04/2026 | 380.00 | 03/03/2026 | Books |
